00294nam a2200121Ia 4500008004100000041000900041082001500050100002200065245003400087260003400121300000900155650000800164230718s9999 xx 000 0 und d aEng. a340bKHO-S aKhokhar, Muhammad 0aSupreme Court Monthly Review aPakistanbSupreme Courtc2016 a2197 aLaw